mysqli: Table './ulib62015/stat_globaluid' is marked as crashed and should be repaired
select id from stat_globaluid where statuid='20260517142738_37'
mysqli: Table './ulib62015/stat_globaluid' is marked as crashed and should be repaired
DELETE FROM stat_globaluid
WHERE id NOT IN (
SELECT id
FROM (
SELECT id
FROM stat_globaluid
ORDER BY id DESC
LIMIT 100
) foo
);
mysqli: Table './ulib62015/stat_globaluid' is marked as crashed and should be repaired
insert into stat_globaluid set
statuid='20260517142738_37',
dt='1779002858',
phpself='/ULIB62015/dublinfull.php',
agent='Mozilla/5.0 AppleWebKit/537.36 (KHTML, like Gecko; compatible; ClaudeBot/1.0; +claudebot@anthropic.com)',
yea='2026',
mon='5',
dat='17',
ip='216.73.216.45'
mysqli: Table './ulib62015/stathist_viewbib_bib_type' is marked as crashed and should be repaired
insert into stathist_viewbib_bib_type set
dat='17' ,
mon='05' ,
yea='2026' ,
statuid='20260517142738_37' ,
head='13399107946' ,
foot='marc' ,
dt='1779002858'
| LEADER : 00000nam 2200000uu 4500 |
| 001 13399107946 |
| 003 ULIB |
| 008 110330s||||||||th 000 0 tha d |
| 050 4 RC681^bก891
|
| 100 0 แก้ว กาญจนา
|
| 245 10 สูตรลับตำรับยาสมุนไพรรักษาโรคหัวใจ-ความดันโลหิต /^cแก้วกาญจนา เรียบเรียง ; [กองบรรณาธิการ : สุกัญญา พริกจำรูญ ...และคนอื่น ๆ]
|
| 246 30 ตำรับยาสมุนไพรรักษาโรคหัวใจ-ความดันโลหิต
|
| 250 พิมพ์ครั้งที่ 1
|
| 260 นนทบุรี :^bนีออน บุ๊ค มีเดีย,^c2548
|
| 300 100, [2] หน้า :^bภาพประกอบ
|
| 440 0 ตำราสมุนไพรบำบัดโรค ;^vชุดที่ 4
|
| 650 7 โรคหัวใจและหลอดเลือด^xการรักษาด้วยสมุนไพร
|
| 650 7 ความดันเลือดสูง^xการรักษาด้วยสมุนไพร
|
| 650 7 การรักษาด้วยสมุนไพร
|
| 700 0 สุกัญญา พริกจำรูญ,^eบรรณาธิการ
|
| 945 ^p100^l0^i014916
|
| 945 ^p0^l0^i014917
|
| 945 ^p0^l0^i014918
|
| 945 ^p0^l0^i014919
|
| 945 ^p0^l0^i014920 |
| 999 ^aบรรณารักษ์
|
| คุณยังไม่ได้ล็อกอิน คุณสามารถมีกิจกรรมร่วมกับเว็บไซต์ได้ แต่ต้องล็อกอินก่อน :: |
|
|
|
รายการใกล้เคียง
ผู้แต่ง [แก้ว กาญจนา]
หัวเรื่อง [การรักษาด้วยสมุนไพร]
|
|
ยังไม่เคยถูกคอมเมนท์
|
| คอมเมนท์ทรัพยากรรายการนี้ |
|